| 000 | 00632nam a2200193 a 4500 | ||
|---|---|---|---|
| 005 | 20240911064352.0 | ||
| 008 | 991125s1995 mx 000 0 spa u | ||
| 020 | _a9683643876 | ||
| 035 | _aUPN01000014981 | ||
| 049 | _aCG | ||
| 050 | 4 |
_aJA71 _bD53 |
|
| 245 | 0 | 0 |
_aDiálogos sobre filosofía política / _ccoord. Griselda Gutiérrez Castañeda. |
| 260 |
_aMéxico : _bAsociación Filosófica de México, A.C., _bUNAM, Coordinación de Humanidades, _c1995. |
||
| 300 | _a180 p. | ||
| 440 | 0 | _aPorqué aún filosofía | |
| 650 | 4 |
_aCiencias políticas _96023 |
|
| 700 | 1 |
_aGutiérrez Castañeda, Griselda, _ecoord. |
|
| 905 | _aLibro | ||
| 999 |
_c14981 _d14981 |
||